000 01086nam0a22002891 4500
001 RU\NLR\INFOCOMM_223\5000029604
005 20250613091201.0
035 _a(NLR Aleph) 009095380
090 _a8068009
_c8068009
100 _a20090114d1983 |||y0rusy50 ca
101 0 _aeng
102 _aRU
105 _ay ||||000|y
200 1 _aOperatorial quantization of relativistic dynamical systems subject to first class constraints
_fI. A. Batalin a. E. S. Fradkin
210 _aΜ.
_d1983
215 _a[1], 26 с.
_d20 см
225 1 _aPreprint
_fAcad. of sciences of the USSR, P. N. Lebedev phys. inst. I. E. Tamm dep. of theoretical physics
_iHigh energy and cosmic rays physics
_vNo 51
320 _aБиблиогр.: с. 26
606 _aКвантовая теория поля, релятивистская
_2nlr_sh1
686 _aВ315.4
_2rubbk
700 1 _aBatalin
_bI. A.
_gIgor' Anatol'evič
_4070
701 1 _aFradkin
_bE. S.
_gEfim Samojlovič
_4070
801 1 _aRU
_bNLR
_c20090114
801 0 _aRU
_bNLR
_gPSBO
852 _aNLR
_jФз01 Д-4/2128
942 _cBOOK
980 _aNB